| 000 | 00000nam##2200000za#4500 |
| 001 | 9.606597 |
| 003 | CaOODSP |
| 005 | 20210624212715 |
| 007 | cr ||||||||||| |
| 008 | 150406|2011||||xxc|||||o f|0| 0 fre|d |
| 040 | |aCaOODSP|bfre |
| 043 | |an-cn--- |
| 086 | 1 |aFs3-6/2011-01F-PDF |
| 110 | 1 |aCanada. |bMinistère des pêches et des océans. |
| 245 | 10|aLimande à queue jaune du banc Georges [5Zhjmn; 522,525,551,552,561,562] |h[ressource électronique] |
| 260 | |aOttawa - Ontario : |bPêches et Océans Canada |cJuin 2011. |
| 300 | |a8p.|bgraphiques, carte, références, tableaux |
| 490 | 1 |aComité d'évaluation des ressources transfrontalières - rapport sur l'état des stock |v2011/01 |
| 590 | |a14-12-Supp|b2014-05-30 |
| 775 | 08|tGeorges Bank yellowtail flounder [5Zhjmn; 522,525,551,552,561,562] |w(CaOODSP)9.578836 |
| 830 | #0|aComité d'évaluation des ressources transfrontalières - rapport sur l'état des stock ;|v2011/01|w(CaOODSP)9.504119 |
| 856 | 40|ahttp://publications.gc.ca|qPDF|s126 Ko|uhttps://publications.gc.ca/collections/collection_2014/mpo-dfo/Fs3-6-2011-01-fra.pdf|y2011/01 |